• 首页
  • 本馆介绍
  • 公告通知
  • 最新文献
  • 馆藏检索
  • 电子资源
  • 读者导购
  • 参考咨询
  • 我的图书馆
  • 登录
  • 详细信息显示
  • 放入我的书架
  • 预约/预借图书
  • 作者相关作品
  • 分类相关作品
  • 丛书相关作品
  • 出版社相关作品

书目信息

  • 表格格式
  • 工作单格式
  • 卡片格式
题名:
中国少数民族文学作品选
    
 
作者: ;《中国少数民族文学作品选》编辑委员会 编
分册: 第一分册  
出版信息: 上海   上海文艺出版社  1981.6
页数: 371页
开本: 20cm
丛书名:
单 册:
中图分类: I29
科图分类:
主题词: 少数民族文学--作品集--中国
电子资源:
ISBN:
000 00684nam0 2200193 45
001 0312221749
005 20060912162609.39
010    @dCNY1.05
091    @a10078.3258
100    @a20031222d1981 km y0chiy0120 ea
101    @achi
200 1  @a中国少数民族文学作品选@AZhong Guo Shao Shu Min Zu Wen Xue Zuo Pin Xuan@h第一分册@f《中国少数民族文学作品选》编辑委员会编@F《Zhong Guo Shao Shu Min Zu Wen Xue Zuo Pin Xuan》Bian Ji Wei Yuan Hui Bian
210    @a上海@c上海文艺出版社@d1981.6
215    @a371页@d20cm
606 0  @a少数民族文学@x作品集@x中国
690    @aI29@v3
711 0  @a《中国少数民族文学作品选》编辑委员会@4编
801    @aCN@bTSTCL@c20060912
905    @dI29@e5:1@f1@b60919
    
    中国少数民族文学作品选.第一分册/《中国少数民族文学作品选》编辑委员会编.-上海:上海文艺出版社,1981.6
    371页;20cm
    
    
    ISBN :CNY1.05
    
●
相关链接 在E读中查询图书 在五车中查询图书 在当当中查询图书 在豆瓣中查询图书


正题名:中国少数民族文学作品选     索取号:I29/5:1         预约/预借

序号 登录号 条形码 馆藏地/架位号 状态 备注
1 0045281   001776652   密集书库/ [索取号:I29/5:1] 在馆    
2 0045282   001772246   密集书库/ [索取号:I29/5:1] 在馆    
3 0045284   000895892   第二借阅区/ [索取号:I29/5:1] 在馆    
4 0045285   202378266   密集书库/ [索取号:I29/5:1] 在馆    
5 0060917   202378319   密集书库/ [索取号:I29/5:1] 在馆    
6 0060918   202379283   密集书库/ [索取号:I29/5:1] 在馆    
7 0060919   000895909   第一样本阅览室/ [索取号:I29/5:1] 在馆    
8 0060920   202379372   密集书库/ [索取号:I29/5:1] 在馆    
9 0060921   000895927   第二借阅区/ [索取号:I29/5:1] 在馆    
10 0060922   000895856   第二借阅区/ [索取号:I29/5:1] 在馆    
11 0060923   202379336   密集书库/ [索取号:I29/5:1] 在馆    
12 0060924   202379363   密集书库/ [索取号:I29/5:1] 在馆    
13 0060925   000895918   第二借阅区/ [索取号:I29/5:1] 在馆    
14 0060926   202378275   密集书库/ [索取号:I29/5:1] 在馆    
15 0231079   001806157   密集书库/ [索取号:I29/5:1] 在馆    
16 0428775   204287752   密集书库/ [索取号:I29/5:1] 在馆    
17 0474081   204740815   密集书库/ [索取号:I29/5:1] 在馆    
唐山师范学院图书馆 欢迎您!
大连网信软件有限公司© 版权所有